| 000 | 00935nam a2200241Ia 4500 | ||
|---|---|---|---|
| 999 |
_c54142 _d54142 |
||
| 001 | 21197 | ||
| 003 | GE_BSU | ||
| 005 | 20210722174640.0 | ||
| 008 | 181216s2008||||ge |||||||||||||| ||geo|| | ||
| 020 | _a9994007629 | ||
| 040 | _cGE_BSU | ||
| 041 | _ageo | ||
| 080 | _a347.78(075.8) ჯ-71 | ||
| 100 |
_aჯორბენაძე, სანდრო _97936 |
||
| 245 |
_aსაავტორო უფლებები ცხოვრებაში : _bდამხმ. სახელმძღვ. / _cსანდრო ჯორბენაძე. |
||
| 250 | _aმეორე გადამუშავებული გამოცემა | ||
| 264 |
_aთბილისი : _bგ.გ, _c2008. |
||
| 300 |
_a238 გვ. ; _c20 სმ. |
||
| 541 | _h15ლ. | ||
| 653 | _aსაავტორო უფლებები ცხოვრებაში | ||
| 653 | _aსამართალი | ||
| 942 |
_cBK _2udc |
||